| 000 | 00555nam a2200169 i 4500 | ||
|---|---|---|---|
| 001 | 40135 | ||
| 003 | ES-MaACL | ||
| 005 | 20230906160141.0 | ||
| 007 | t| | ||
| 008 | 030305s1962 sp ||||1| spa d | ||
| 100 | 1 |
_aCarceller Galindo, Manuel ( _d1899-1983) _935103 |
|
| 245 | 1 | 0 |
_aHistoria general de la Orden de Recoletos de San AgustÃn / _cpor Fray Manuel Carceller de la Sagrada Familia. |
| 260 |
_aMadrid : _b[s.n., _c1962] ( _fImp. Juan Bravo) |
||
| 300 |
_a1 v. ; _c25 cm. |
||
| 610 | 2 | 4 |
_aAgustinos Recoletos. _91303 |
| 852 |
_aES-MaACL _jP-1047-bis |
||
| 999 |
_c40135 _d40135 |
||